000 01111nam a2200301 i 4500
001 bg
100 1 _aSCHLEGEL, Hans G.
_d(1924- )
245 1 0 _aMikrobiologia ogólna /
_cHans G. Schlegel ; tł. zbiorowe pod red. nauk. Zdzisława Markiewicza, [z wyd. niem. tł. Jadwiga Baj et al.].
246 _iTyt. oryg.:
_aAllgemeine Mikrobiologie
250 _aWyd. 2 popr. (2 dodr.).
260 _aWarszawa :
_bWydawnictwo Naukowe PWN,
_c2003.
300 _a735, [1] s. :
_bil. ;
_c21 cm.
500 _aTyt. oryg.: "Allgemeine Mikrobiologie" 1992. - Wyd. 1 ogł. pod hasłem: Schlegel, Hans Günter.
504 _aBibliogr. - Indeks.
650 4 _aMikrobiologia
650 4 _aPodręczniki akademickie
700 1 _aMARKIEWICZ, Zdzisław.
_eTł.
700 1 _aBAJ, Jadwiga.
_eTł.
020 _a8301139994
040 _cBPK
041 1 _apol
_hger
080 _a579
080 _a(075.8)
920 _a83-01-13999-4
942 _cKS
008 s pl f |000 0 pol
999 _c43528
_d43528
856 _uhttp://koha.tu.koszalin.pl/cgi-bin/koha/opac-detail.pl?biblionumber=43528
_yKatalog online BPK